| 000 | 00471nam a2200169Ia 4500 | ||
|---|---|---|---|
| 008 | 131128t2012 xxu||||| |||| 00| 0 sin d | ||
| 041 | _asin | ||
| 080 |
_aX8S31 _bRAT |
||
| 100 | _aRathnayaka, Yawwana Sameendra | ||
| 245 | _aහිතට දුකයි ආදරියේ | ||
| 246 | _aHithata Dukai Adariye | ||
| 260 |
_bTashen Publications _aMonaragala _c2012 |
||
| 300 | _a240p., 18 cm | ||
| 942 | _cBK | ||
| 999 |
_c74062 _d74062 |
||
| 003 | LK-CoDNM | ||
| 040 |
_aLK-CoDNM _dLK-CoDNM _eLK-CoDNM |
||